• 首页
  • 本馆介绍
  • 公告通知
  • 最新文献
  • 馆藏检索
  • 电子资源
  • 读者导购
  • 参考咨询
  • 我的图书馆
  • 登录
  • 详细信息显示
  • 放入我的书架
  • 预约/预借图书
  • 作者相关作品
  • 分类相关作品
  • 丛书相关作品
  • 出版社相关作品

书目信息

  • 表格格式
  • 工作单格式
  • 卡片格式
题名:
圣经故事
    
 
作者: 曾传辉 编写
分册:  
出版信息: 北京   中国社会科学出版社  1994.07
页数: 707页
开本: 20cm
丛书名:
单 册:
中图分类: B971
科图分类:
主题词: 圣经
电子资源:
ISBN: 7-5004-1535-4
000 00522nam0 2200193 45
001 0201281076
005 20041206110129.3
010    @a7-5004-1535-4@dCNY19.50
100    @a20020128d1994 km y0chiy0120 ea
101 0  @achi
105    @a z 000yy
200 1  @a圣经故事@ASheng Jing Gu Shi@f曾传辉等编写@FCeng Chuan Hui Deng Bian Xie
210    @a北京@c中国社会科学出版社@d1994.07
215    @a707页@d20cm
606 0  @a圣经
690    @aB971@v4
701  0 @a曾传辉@4编写
801    @aCN@bTSTC@c20020128
905    @dB971@e105
    
    圣经故事/曾传辉等编写.-北京:中国社会科学出版社,1994.07
    707页;20cm
    
    
    ISBN 7-5004-1535-4:CNY19.50
    
●
相关链接 在E读中查询图书 在五车中查询图书 在当当中查询图书 在豆瓣中查询图书


正题名:圣经故事     索取号:B971/105         预约/预借

序号 登录号 条形码 馆藏地/架位号 状态 备注
1 0306065   203060659   不外借—密集书库/ [索取号:B971/105] 在馆    
2 0306066   203060668   不外借—密集书库/ [索取号:B971/105] 在馆    
3 0306067   203060677   不外借—密集书库/ [索取号:B971/105] 在馆    
4 0306068   203060686   不外借—密集书库/ [索取号:B971/105] 在馆    
5 0306069   203060695   不外借—密集书库/ [索取号:B971/105] 在馆    
6 0306070   203060702   不外借—密集书库/ [索取号:B971/105] 在馆    
7 0306071   203060711   不外借—密集书库/ [索取号:B971/105] 在馆    
唐山师范学院图书馆 欢迎您!
大连网信软件有限公司© 版权所有